000 00759nam a2200241Ia 4500
003 OSt
005 20220916110904.0
006 a|||||r|||| 00| 0
007 ta
008 220915b |||||||| |||| 00| 0 hin d
024 _a126507
037 _cTextbook
040 _bhin
_aARTS
_cARTS
041 _ahin
082 _aO152,3M901,BY, K7
100 _aवर्मा, वृन्दावनलाल
245 0 _aभारत यह है
246 _aBhārat yah hai
260 _aझांसी
_bमयूर प्रकाशन
_c1967
650 _aहिन्दी साहित्य
942 _hO152,3M901,BY, K7
_cTB
_2CC
999 _c100468
_d100468